| 000 | 00414nam a22001337a 4500 | ||
|---|---|---|---|
| 082 |
_a001 _bENC/U |
||
| 100 | _aENCYCLOPEDIA BRITANICA | ||
| 245 |
_aULTIMATE READY REFERENCE- ENCYCLOPEDIA OF INDIA _bENCYCLOPEDIA OF INDIA |
||
| 246 |
_aENCYCLOPEDIA OF INDIA _bENCYCLOPEDIA OF INDIA |
||
| 260 |
_aUSA _bENCYCLOPEDIA BRITANICA _c2012 |
||
| 520 | _aENCYCLOPEDIA OF INDIA | ||
| 650 | _aENCYCLOPEDIA OF INDIA | ||
| 942 | _cVM | ||
| 999 |
_c7827 _d7827 |
||